Homes and Communities Agency register of surplus public sector land (Record no. 109147)

MARC details
000 -LEADER
fixed length control field 01165cad a22002295a 4500
001 - CONTROL NUMBER
control field L146377
008 - FIXED-LENGTH DATA ELEMENTS--GENERAL INFORMATION
fixed length control field 090113e20090108xxkd f s a000 0 eng d
035 ## - SYSTEM CONTROL NUMBER
System control number (Sirsi) u146377
041 0# - LANGUAGE CODE
Language code of text/sound track or separate title eng
050 04 - LIBRARY OF CONGRESS CALL NUMBER
Classification number 333.11 $2 18
110 2# - MAIN ENTRY--CORPORATE NAME
Corporate name or jurisdiction name as entry element Homes and Communities Agency
9 (RLIN) 5688
245 00 - TITLE STATEMENT
Title Homes and Communities Agency register of surplus public sector land
Medium [electronic resource]
260 ## - PUBLICATION, DISTRIBUTION, ETC.
Place of publication, distribution, etc. London
Name of publisher, distributor, etc. HCA
Date of publication, distribution, etc. 2009
490 #0 - SERIES STATEMENT
Series statement Homes and Communities Agency Register of Public Sector Land
Volume/sequential designation December 2008
520 ## - SUMMARY, ETC.
Summary, etc. The register provides participating public sector organisations with comprehensive information on the availability of surplus land throughout England. It also seeks to ensure that wider government objectives, including housing needs and regional economic and housing strategies are factored into land disposal decisions.
521 ## - TARGET AUDIENCE NOTE
Target audience note Advanced
590 ## - LOCAL NOTE (RLIN)
Local note KA
651 #4 - SUBJECT ADDED ENTRY--GEOGRAPHIC NAME
Geographic name England and Wales
Chronological subdivision 1543-
690 ## - LOCAL SUBJECT ADDED ENTRY--TOPICAL TERM (OCLC, RLIN)
Topical term or geographic name as entry element PROPERTY-PROPERTY DEVELOPMENT-STRATEGIC PROPERTY DEVELOPMENT
856 40 - ELECTRONIC LOCATION AND ACCESS
Uniform Resource Identifier <a href="https://www.homesandcommunities.co.uk/Surplus_public_sector_land">https://www.homesandcommunities.co.uk/Surplus_public_sector_land</a>
Public note View the item free of charge online at www.homesandcommunities.co.uk...
942 ## - ADDED ENTRY ELEMENTS (KOHA)
Suppress in OPAC 0
Holdings
Withdrawn status Lost status Source of classification or shelving scheme Damaged status Not for loan Home library Current library Shelving location Date acquired Total Checkouts Full call number Barcode Date last seen Copy number Price effective from Koha item type
    Dewey Decimal Classification     Virtual Virtual Online 13/01/2009   ONLINE PUBLICATION 146377-1001 06/08/2019 1 06/08/2019 Book